Normal view MARC view

Entry Nombre de reunión

Number of records used in: 1

001 - NÚMERO DE CONTROL

  • campo de control: 238026

003 - IDENTIFICADOR DE NÚMERO DE CONTROL

  • campo de control: ES-MaACL

005 - FECHA Y HORA DE LA ÚLTIMA TRANSACCIÓN

  • campo de control: 20240810172524.0

008 - ELEMENTOS DE DATO DE LONGITUD-FIJA

  • campo de control de longitud fija: 240810|| aca||aabn | a|a d

040 ## - FUENTE DE CATALOGACIÓN

  • Centro catalogador/agencia de origen: ES-MaACL
  • Centro/agencia transcriptor: ES-MaACL

111 ## - ENCABEZAMIENTO--NOMBRE DE CONGRESO/REUNIÓN

  • Nombre de congreso/reunión o jurisdicción como elemento de entrada: Jornadas de Historia en Llerena
  • Número del congreso/reunión o número de parte o sección: 22ª
  • Fecha del congreso o de la firma del tratado: 2022

670 ## - FUENTE DE DATOS ENCONTRADOS

  • Cita de la fuente: Work cat.: (ES-MaACL)196032: Jornadas de Historia en Llerena 22ª 2022 autor aut, El legado romano :